| 000 | 00368 a2200145 4500 | ||
|---|---|---|---|
| 005 | 20250613081711.0 | ||
| 020 | _a0-471-14103-8 | ||
| 082 | _a657 HOS | ||
| 100 | _aHOSKIN, E. R. | ||
| 245 | _aFinancial Accounting: A User Perspective | ||
| 250 | _a2nd Ed. | ||
| 260 |
_aNew York _bJohn Wiley & Sons, Inc _c1997 |
||
| 300 |
_axix, 919p. _bIndex _c24 cm |
||
| 942 |
_2ddc _cBKS |
||
| 999 |
_c3550 _d3550 |
||